Simulácia delenia materiálu v programe ABB Robotstudio

Na minha lista:
Detalhes bibliográficos
Autor principal: Jedlička, Dušan, 1983- (Author)
Outros Autores: Buranský, Ivan, 1982- (Thesis advisor)
Formato: Manuscrito Livro
Idioma:eslovaco
Publicado em: Trnava : STU v Bratislave MTF UVTE KOM, 2012
Assuntos:
Acesso em linha:VAIS
Tags: Adicionar Tag
Sem tags, seja o primeiro a adicionar uma tag!

MARC

LEADER 00000ntm a22000003a 4500
001 stu251293
005 20150617230203.2
008 120719s2012----xo------------------slo-d
040 |a STU  |b slo 
041 0 |a slo 
044 |a xo 
100 1 |a Jedlička, Dušan,  |d 1983-  |4 aut  |u M  |T MTF Materiálovotechnologická fakulta  |X 57343  |U M  |Y 60  |7 A000057343 
242 0 0 |a Simulation of cuting materials in program ABB RobotStudio  |y eng 
245 1 |a Simulácia delenia materiálu v programe ABB Robotstudio 
260 |a Trnava :  |b STU v Bratislave MTF UVTE KOM,  |c 2012 
300 |a 53s  |c 2x CD ROM 
650 7 |a počítačová podpora výrobných technológií  |2 stusub 
650 7 |a Computer-Aided Production Technologies  |2 estusub 
650 7 |a plasma  |2 estusub 
650 7 |a robotics  |2 estusub 
650 7 |a robot  |2 estusub 
650 7 |a simulation  |2 estusub 
650 7 |a plazma  |2 stusub 
650 7 |a simulácia  |2 stusub 
650 7 |a počítačová podpora  |2 stusub 
700 1 |a Buranský, Ivan,  |d 1982-  |4 ths  |u M3000  |U MTF Materiálovotechnologická fakulta  |T MTF Ústav výrobných technológií  |X 4587  |U M3000  |Y 83  |7 A000004587 
856 4 |a info a plný text  |u http://is.stuba.sk/zp/portal_zp.pl?podrobnosti=93191  |3 VAIS 
996 |c M*BP-6039  |l MMSKP  |s P  |a 0  |w stu251293_0001